Memória, identidade, Missao: teología da PUC-Rio - 45 anos

Uloženo v:
Podrobná bibliografie
Hlavní autor: Tepedino, Ana María (Autor)
Médium: Kniha
Jazyk:portugalština
Vydáno: Río de Janeiro Editora PUC 2013
Vydání:1a. ed
Témata:
Tagy: Přidat tag
Žádné tagy, Buďte první, kdo vytvoří štítek k tomuto záznamu!

MARC

LEADER 00000cam a2200000 a 4500
001 UCD1835
003 CL-VaPUC
008 160331e20130000bl |||||||||||||||||por|d
020 |a 9788580061222 
082 0 4 |a 230  |b TEP  |2 21 
100 0 |a Tepedino, Ana María  |e author  |9 584973 
245 1 0 |a Memória, identidade, Missao: teología da PUC-Rio - 45 anos 
250 |a 1a. ed 
300 |a 386 p 
942 |c BK 
945 |d 20160331 23:10:00  |a arojas 
260 |a Río de Janeiro  |b Editora PUC  |c 2013 
650 0 |a Memoria  |9 266549 
650 0 |a Identidad   |9 336178 
583 |a last modification  |c 20160331 23:10:00  |k Rodrigo Vera 
999 |c 363055  |d 363053 
952 |0 0  |1 0  |2 ddc  |3 erb  |4 0  |6 230_000000000000000_TEP_2013  |7 0  |8 A  |9 474788  |a BIBTEO  |b BIBTEO  |c GEN  |i 5268982  |o 230 TEP 2013  |p 5268982  |r 2025-01-17  |w 2019-11-24  |y BK  |z Catalogado en:20160331  |k ICR 
952 |0 0  |1 0  |2 ddc  |4 0  |6 230_000000000000000_TEP_2013  |7 0  |8 A  |9 599831  |a BIBTEO  |b BIBTEO  |c GEN  |d 2025-01-23  |i 560804K  |o 230 TEP 2013  |p 560804K  |r 2025-01-23  |t 2  |w 2025-01-23  |y BK  |k ICR